| 000 | 01982nam a22003377a 4500 | ||
|---|---|---|---|
| 005 | 20090318104544.0 | ||
| 008 | 090212t xxu||||| |||| 00| 0 eng d | ||
| 010 | _aTEL-5045 | ||
| 020 |
_c125.00 _a8182940346 |
||
| 035 | _aTL-4051 | ||
| 037 | _bDBAD / PUB | ||
| 040 |
_adpl _bTelugu |
||
| 082 | _a636.2142092 | ||
| 100 | _aకురియన్, వర్గీస్ | ||
| 245 |
_aనాకూ వుంది ఒక కల _c/ వర్గీస్ కురియన్; అనువాదం తుమ్మల పద్మిని, అత్తలూరి నరసింహారావు _b:పాల విప్లవ పితామహుడి వ్యక్తిత్వ వికాసం |
||
| 246 |
_aNaku undi oka kala _bVerghese Kurien |
||
| 260 |
_aవిజయవాడ _bఅలకనంద ప్రచురణలు _c2007 |
||
| 270 |
_a59-6-15, కంచుకోట వీధి, మేరిస్ స్టెల్లా కాలేజి ఎదురుగా, _bవిజయవాడ _e520 008 |
||
| 300 |
_a223పే. _c23 సె.మీ. |
||
| 520 | _aAutobiographical reminiscences of Verghese Kurien, pioneer of the cooperative dairy movement in India | ||
| 600 | _aకురియన్, వర్గీస్ 1921- | ||
| 600 | _aKurien, Verghese 1921- | ||
| 650 |
_aపాల ఉత్పత్తి, సహకార _zభారతదేశం |
||
| 650 |
_aDairying, Cooperative _zIndia |
||
| 650 |
_2పాల ఉత్పత్తి దారులు _vజీవిత చరిత్ర _zభారతదేశం |
||
| 650 |
_2Dairy farmers _vBiography _zIndia |
||
| 700 | _aపద్మిని, తుమ్మల | ||
| 700 | _aనరసింహారావు, అత్తలూరి | ||
| 942 |
_2ddc _cTL _h636.2142092 _m/ KUR |
||
| 999 |
_c25326 _d25326 |
||